An analysis of challenges facing pastors' wives in Kajiado and part of Nairobi stations, Central Kenya Conference / (Record no. 14128)
[ view plain ]
| 000 -LEADER | |
|---|---|
| fixed length control field | 00642nam a22001697a 4500 |
| 003 - CONTROL NUMBER IDENTIFIER | |
| control field | AUA.1 |
| 005 - DATE AND TIME OF LATEST TRANSACTION | |
| control field | 20191018114555.0 |
| 008 - FIXED-LENGTH DATA ELEMENTS--GENERAL INFORMATION | |
| fixed length control field | 150707t xxu||||| |||| 00| 0 eng d |
| 040 ## - CATALOGING SOURCE | |
| Transcribing agency | JTL |
| 050 ## - LIBRARY OF CONGRESS CALL NUMBER | |
| Classification number | MA Lead |
| Item number | .G35 2015 |
| 100 ## - MAIN ENTRY--PERSONAL NAME | |
| Personal name | Gai Knollyne O. |
| 9 (RLIN) | 50144 |
| 245 ## - TITLE STATEMENT | |
| Title | An analysis of challenges facing pastors' wives in Kajiado and part of Nairobi stations, Central Kenya Conference / |
| Statement of responsibility, etc | Knollyne O. Gai. |
| 300 ## - PHYSICAL DESCRIPTION | |
| Extent | viii, 75 leaves : |
| Dimensions | 29 cm. |
| 650 ## - SUBJECT ADDED ENTRY--TOPICAL TERM | |
| Topical term or geographic name as entry element | Pastors' wives |
| General subdivision | Challenges |
| 9 (RLIN) | 50145 |
| 651 ## - SUBJECT ADDED ENTRY--GEOGRAPHIC NAME | |
| Geographic name | Kenya |
| General subdivision | Kajiado, Nairobi Stations, Central Kenya Conference |
| 9 (RLIN) | 50146 |
| 942 ## - ADDED ENTRY ELEMENTS (KOHA) | |
| Source of classification or shelving scheme | AUA Inhouse Classification |
| Koha item type | Project |
| Classification part | MA Lead |
| Item part | .G35 2015 |
| Withdrawn status | Lost status | Source of classification or shelving scheme | Damaged status | Not for loan | Collection code | Home library | Current library | Shelving location | Date acquired | Source of acquisition | Cost, normal purchase price | Serial Enumeration / chronology | Full call number | Barcode | Date last seen | Cost, replacement price | Price effective from | Koha item type | Copy number |
|---|---|---|---|---|---|---|---|---|---|---|---|---|---|---|---|---|---|---|---|
| AUA Inhouse Classification | JTL Research Collection | Judith Thomas Library | Judith Thomas Library | Judith Thomas Library Research Section | 07/07/2015 | AUA RESEARCH DEPARTMENT | 15.00 | AUA017156 | MA Lead .G35 2015 | AUA017156 | 07/07/2015 | 15.00 | 07/07/2015 | Project | |||||
| AUA Inhouse Classification | JTL Research Collection | Judith Thomas Library | Judith Thomas Library | Judith Thomas Library Research Section | 07/07/2015 | AUA RESEARCH DEPARTMENT | 15.00 | AUA017157 | MA Lead .G35 2015 | AUA017157 | 07/07/2015 | 15.00 | 07/07/2015 | Project | 2 |